Земноводные, пресмыкающиеся и птицы; Основы палеонтологии

Podrobná bibliografie
Parent link:Основы палеонтологии: справочник для палеонтологов и геологов СССР/ Академия наук СССР (АН СССР) ; под ред. Ю. А. Орлова. Земноводные, пресмыкающиеся и птицы.— , 1964
Další autoři: Рождественский А. К. (редактор), Татаринов Л. П.
Jazyk:ruština
Vydáno: 1964
Témata:
Médium: MixedMaterials Kniha
KOHA link:https://koha.lib.tpu.ru/cgi-bin/koha/opac-detail.pl?biblionumber=146915

MARC

LEADER 00000nam2a2200000 4500
001 146915
005 20231031144831.0
035 |a (RuTPU)RU\TPU\book\159250 
090 |a 146915 
100 |a 20081105d1964 km y0rusy50 ca 
101 0 |a rus 
102 |a RU 
105 |a a g 001zy 
200 0 |a Земноводные, пресмыкающиеся и птицы  |f под ред. А. К. Рождественского; Л. П. Татаринова 
210 |d 1964 
215 |a 722 с.  |c ил. 
320 |a Библиогр.: с. 697-699. 
320 |a Указатель: с. 700-722. 
461 1 |0 (RuTPU)RU\TPU\book\162711  |t Основы палеонтологии  |o справочник для палеонтологов и геологов СССР  |o в 15 т.  |f Академия наук СССР (АН СССР) ; под ред. Ю. А. Орлова  |v Земноводные, пресмыкающиеся и птицы  |d 1964 
610 1 |a палеонтология 
610 1 |a земноводные 
610 1 |a пресмыкающиеся 
610 1 |a птицы 
610 1 |a справочники 
675 |a 56(035)  |v 3 
675 |a 569(035)  |v 3 
702 1 |a Рождественский  |b А. К.  |4 340 
702 1 |a Татаринов  |b Л. П.  |4 340 
801 1 |a RU  |b 63413507  |c 20081105  |g PSBO 
801 2 |a RU  |b 63413507  |c 20210603  |g PSBO 
942 |c BK